00843nam a2200193 i 4500001000700000003000900007005001700016007000300033008004100036111006600077245013800143260007500281300002700356650004400383710006200427852002100489999001900510952012000529114751ES-MaACL20230906190237.0t|070322s1921 sz ||||1| eng d2 aInternational Congress of Women (n3ยบ. d1921. cViena)976110aReport of the third International Congress of Women, Vienna, July 10-17, 1921 / cWomen's International League for Peace and Freedom. aGeneva : bWomen's International League for Peace and Freedom, c1921. aXII, 324 p. ; c24 cm.14aMujeres-vCongresos y asambleas.9152611 aWomen's International League for Peace and Freedom.97572 aES-MaACLjC-2799 c114751d114751 00104070aATENEOMbATENEOMcSPALd2008-01-17eSCl0oC-2799p1119664r2023-02-23 00:00:00w2023-02-23yMONOGRAFIA